000 00482nam a2200133 4500
999 _c14699
_d14699
008 191022b ||||| |||| 00| 0 eng d
022 _a03080587
082 _aDPer 420.5 M72 Apr-Oct 2011 v. 20, n. 2-4
100 _940540
_aAndrewes, Simon.
245 _aA Book I've Used:
_bPractical Grammar (Level 3)/
_cSimon Andrewes.
260 _aChichester, West Sussex:
_bPavilion Publishing,
_cApr-Oct 2011.
300 _av20, n4 pages 80-81:
_bcolor illustrations;
_c30 cm.
942 _2ddc
_cPER